Every Song by Motley Crue - Statistics

General Stats
  • This quiz has been taken 31 times
  • The average score is 19 of 99
Answer Stats
Song % Correct
Too Fast for Love
87%
Dr.Feelgood
83%
Girls, Girls, Girls
83%
Shout at the Devil
83%
Live Wire
78%
Home Sweet Home
70%
Kickstart My Heart
65%
Looks That Kill
52%
Smoking in the Boys Room
52%
Wild Side
52%
Saints of Los Angeles
48%
Too Young to Fall in Love
48%
Take Me to the Top
43%
Bastard
39%
Merry-Go-Round
39%
On with the Show
39%
Public Enemy #1
39%
New Tattoo
35%
Red Hot
35%
Starry Eyes
35%
Piece of your Action
30%
She Goes Down
30%
Sticky Sweet
30%
Without You
30%
Come On and Dance
26%
Danger
26%
Dont Go Away Mad
26%
Generation Swine
26%
Helter Skelter
26%
In the Beginning
26%
Ten Seconds to Love
26%
City Boy Blues
22%
Dancing on Glass
22%
Hooligans Holiday
22%
Rattlesnake Shake
22%
Afraid
17%
Flush
17%
God Bless the Children of the Beast
17%
Louder Than Hell
17%
Nona
17%
Rocketship
17%
Slice of Your Pie
17%
Stick to Your Guns
17%
Bad Boy Boogie
13%
Fake
13%
Five Years Dead
13%
Glitter
13%
Hell on High Heels
13%
Hollywood Ending
13%
Keep Your Eye on the Money
13%
Power to the Music
13%
Smoke the Sky
13%
Time for Change
13%
All in the Name of...
9%
A Rat Like Me
9%
Brandon
9%
Chicks = Trouble
9%
Down at the Whisky
9%
Driftaway
9%
Find Myself
9%
Hammered
9%
L.A.M.F
9%
Misunderstood
9%
Poison Apples
9%
Porno Star
9%
Save Our Souls
9%
Tonight (We Need a Lover)
9%
Use It or Lose It
9%
Beauty
4%
Confessions
4%
Dragstrip Superstar
4%
Fight For Your Rights
4%
Loveshine
4%
Mutherfucker of the Year
4%
The Animal in Me
4%
Treat Me Like the Dog I am
4%
Uncle Jack
4%
Welcome to the Machine
4%
White Punks on Dope
4%
1st Band on the Moon
0%
Anybody Out There
0%
Droppin´ Like Flies
0%
Face Down in the Dirt
0%
Goin out Swinin
0%
Just Another Psycho
0%
Knock ´em Dead, Kid
0%
Let Us Prey
0%
Punched in the Teeth by Love
0%
Raise Your Hands to Rock
0%
Same Ol´ Situation
0%
She Needs Rock n Roll
0%
Sumthin fot Nuthin
0%
This Ain´t a Love Song
0%
Til Death Do Us Part
0%
T.N.T. (Terror N´ Tinseltown)
0%
Welcome to the Numb
0%
Whats It Gonna Take
0%
White Trash Circus
0%
You´re All I Need
0%
No matching quizzes found
Score Distribution
Percent of People with Each Score
Percentile by Number Answered
Your Score History
You have not taken this quiz